Normal view
MARC view
- Biochemical engineering
Entry Topical Term
001 - CONTROL NUMBER
- control field: 132757
003 - CONTROL NUMBER IDENTIFIER
- control field: NUST
005 - DATE AND TIME OF LATEST TRANSACTION
- control field: 20260112163403.0
008 - FIXED-LENGTH DATA ELEMENTS
- fixed length control field: 260112|| aca||aabn | a|a d
040 ## - CATALOGING SOURCE
- Original cataloging agency: NUST
- Transcribing agency: NUST
150 ## - HEADING--TOPICAL TERM
- Topical term or geographic name entry element: Biochemical engineering
670 ## - SOURCE DATA FOUND
- Source citation: Work cat.: (NUST)0: Wesselingh, J. A. 132756, Design and development of biological, chemical, food and pharmaceutical products /, c2007.
